| 000 | 00597nam a2200193 i 4500 | ||
|---|---|---|---|
| 001 | 101832 | ||
| 003 | ES-MaACL | ||
| 005 | 20231228173418.0 | ||
| 007 | t| | ||
| 008 | 051026s1973 sp ||||1| eng d | ||
| 100 | 1 |
_aMelnick, Joseph L. _980008 |
|
| 245 | 1 | 0 |
_aViral replication and cancer / _ceditors Joseph L. Melnick, Severo Ochoa, Juan Oró. |
| 260 |
_aBarcelona : _bLabor, _c1973. |
||
| 300 |
_aXI, 289 p. : _bil. ; _c25 cm. |
||
| 700 | 1 |
_aOchoa, Severo, _d1905-1993 _986482 |
|
| 700 | 1 |
_aOró, Juan. _987311 |
|
| 852 |
_aES-MaACL _jC-54232 _bR.87748 |
||
| 999 |
_c101832 _d101832 |
||